Pierre Emmanuel

Αποθηκεύτηκε σε:
Λεπτομέρειες βιβλιογραφικής εγγραφής
Κύριος συγγραφέας: Bosquet, Alain (Συγγραφέας)
Μορφή: Βιβλίο
Γλώσσα:Γαλλικά
Έκδοση: París Pierre Seghers 1959
Σειρά:Poetes d'aujourd'hui, 67
Θέματα:
Ετικέτες: Προσθήκη ετικέτας
Δεν υπάρχουν, Καταχωρήστε ετικέτα πρώτοι!

MARC

LEADER 00000nam a2200000 a 4500
001 UCY4415
003 CL-VaPUC
008 950313e19590000FR |||||||||||||||||fre|d
082 0 4 |a 841.09  |b BOS  |2 21 
100 0 |a Bosquet, Alain  |e author  |9 332846 
245 1 0 |a Pierre Emmanuel 
300 |a 225 p 
942 |c BK 
945 |d 19950313 00:00:00  |a mfernand 
260 |a París  |b Pierre Seghers  |c 1959 
600 0 7 |a EMMANUEL, PIERRE  |2 CL-VaPUC  |9 332847 
650 0 |a Crítica e interpretación   |9 255042 
583 |a last modification  |c 19950313 00:00:00  |k Rodrigo Vera 
490 0 |a Poetes d'aujourd'hui, 67 
999 |c 232280  |d 232278 
952 |0 0  |1 0  |4 0  |6 841_090000000000000_BOS_1959  |7 0  |8 P  |9 236404  |a BIBART  |b BIBART  |d 2019-11-15  |i 3062562  |o 841.09 BOS 1959  |p 3062562  |r 2025-03-13  |w 2019-11-15  |y BK  |k ART